Visualizzazione normale
Vista MARC
- Milton H. Erickson
di Personal Name
Records bibliografici associati: 1
001 - CONTROL NUMBER
- control field: 36090
003 - CONTROL NUMBER IDENTIFIER
- control field: IT-RoPau
005 - DATE AND TIME OF LATEST TRANSACTION
- control field: 20151004170454.0
008 - FIXED-LENGTH DATA ELEMENTS
- fixed length control field: 151004|| aca||aabn | a|a d
040 ## - CATALOGING SOURCE
- Original cataloging agency: IT-RoPau
- Transcribing agency: IT-RoPau
100 ## - HEADING--PERSONAL NAME
- Personal name: Milton H. Erickson
670 ## - SOURCE DATA FOUND
- Source citation: Work cat.: (IT-RoPau)32899: Ernest L. Rossi 36089, L’esperienza dell’ipnosi. Approcci terapeutici agli stati alterati